000 00486nab a2200145Ia 4500
003 ES-SlBCS
005 20210601133017.0
008 140529s1988 xxu||||| |||| 00| 0 ita d
041 _aita
100 1 _aGiacomini, Bruna
_9201186
245 0 0 _aAutoriflessività e comunicazione nella teoria del doppio legame di Gregory Bateson
_c Bruna Giacomini
600 1 4 _aBateson, Gregory
_d1904-1980
_9139612
773 0 _tProblemi del Socialismo
_gnº. 1, 1988, págs. 13-33
_wRev921
942 _cAR
999 _c589222
_d589222